000 00718cam a22002293a 4500
001 28247
003 PGUSA
005 20140828083617.0
008 090304s2009||||xxu|||||s|||||000 | eng d
040 _aPGUSA
_beng
042 _adc
050 4 _aQB
100 1 _aClerke, Agnes M.
_q(Agnes Mary),
_d1842-1907
245 1 2 _aA Popular History of Astronomy During the Nineteenth Century :
_bFourth Edition
_h[electronic resource] /
_cAgnes M. Clerke
260 _bProject Gutenberg,
_c2009
506 _aPublic domain in the USA.
516 _aElectronic text
653 _aAstronomy -- History -- 19th century
830 0 _aProject Gutenberg
_v28247
856 4 0 _uhttp://www.gutenberg.org/ebooks/28247
942 _cEB
999 _c257502
_d257502